Formula 1 trivia quiz - random questions - Statistics

General Stats
  • This quiz has been taken 236 times
    140 since last reset
  • The average score is 8 of 15
Answer Stats
Q A % Correct
name any driver with MORE than 3 championships Vettel/ Prost/ Hamilton/ Schumacher/ Fangio/ Verstappen
92%
how many championships did Niki Lauda win? 3
85%
in what year did McLaren set the record for fastest ever pitstop? 2023
81%
since what year do Red Bull Racing compete? 2005
80%
how old was Sebastian Vettel when he won his first championship (years)? 23
80%
what does "Toro Rosso" mean, translated from Italian to English? Red Bull
80%
who won the first ever f1 race? Guiseppe Farina
79%
how fast was that pitstop (two digits, in seconds)? 1.80
51%
who won the most races in f1 without winning a championship? Stirling Moss
38%
which constructor won the first ever constructors' championship? Vanwall
36%
which f1 champion was the only one to also win a Grand Prix motorcycle championship? John Surtees
29%
when did F1 ban turbocharging engines? 1989
23%
which team was the only one to run v10 engines in 2006? Toro Rosso
19%
who took pole position for their first f1 race (excluding the first ever race and the indy 500 in the '50's)? Jacques Villeneuve/ Carlos Reutemann
15%
which race in history is often called the most controversial race, having only six cars starting it? 2005 US Grand Prix
6%
No matching quizzes found
Score Distribution
Percent of People with Each Score
Percentile by Number Answered
Your Score History
You have not taken this quiz since the last reset